| 000 | 00467nam a2200181Ia 4500 | ||
|---|---|---|---|
| 005 | 20250508150849.0 | ||
| 008 | 008 250505s9999 xx 000 0 eng d | ||
| 037 | _aBooks to be hide in OPAC | ||
| 040 |
_aFEDL _beng _cFEDL |
||
| 041 |
_aeng _2eng |
||
| 084 | _qFEDL | ||
| 100 |
_aRayner S A Co. _9757855 |
||
| 245 | 0 | _aCorrespondence education in Austrailia and New Zealand | |
| 260 | _c1949 | ||
| 300 | _a119p. | ||
| 942 | _cHB | ||
| 999 |
_c1326170 _d1326170 |
||